Catálogo público

Sistema producto : (Record no. 220366)

MARC details
000 -CABECERA
campo de control de longitud fija 02026nam a2200373 a 4500
003 - IDENTIFICADOR DEL NÚMERO DE CONTROL
campo de control Mxchpua
005 - FECHA Y HORA DE LA ÚLTIMA TRANSACCIÓN
campo de control 20250731124313.0
007 - CAMPO FIJO DE DESCRIPCIÓN FÍSICA--INFORMACIÓN GENERAL
campo de control de longitud fija ta
008 - DATOS DE LONGITUD FIJA--INFORMACIÓN GENERAL
campo de control de longitud fija 250123s2024 mx abdofs|||| 001 0 spa d
040 ## - FUENTE DE LA CATALOGACIÓN
Centro catalogador/agencia de origen mxchpua
090 ## - LOCALMENTE ASIGNADO TIPO-LC NÚMERO DE CLASIFICACIÓN (OCLC); NÚMERO DE CLASIFICACIÓN LOCAL (RLIN)
Número de clasificación (OCLC) (R) ; Numero de clasificación, CALL (RLIN) (NR) T.C.952
Número cutter local (OCLC) ; Número de libro/Signatura topográfica íntegra, CALL (RLIN) L36 SAI
Año 2024
245 1# - MENCIÓN DE TÍTULO
Título Sistema producto :
Resto del título cerveza en los estados de Coahuila, Zacatecas y Aguascalientes /
Mención de responsabilidad, etc. coordinadores Patricia Landa Salgado y Víctor Rivera Salvador ; colaboradores Tzel Alit Altamirano Molina...[y otros]
260 ## - PUBLICACIÓN, DISTRIBUCIÓN, ETC.
Lugar de publicación, distribución, etc. Chapingo, México :
Nombre del editor, distribuidor, etc. El autor,
Fecha de publicación, distribución, etc. 2024
300 ## - DESCRIPCIÓN FÍSICA
Extensión 1 recurso en linea (129 páginas) :
Otras características físicas ilustraciones, mapas, gráficas, diagramas, tablas, fotos
336 ## - TIPO DE CONTENIDO
Fuente rdacontent
Término de tipo de contenido Texto
Código de tipo de contenido txt
337 ## - TIPO DE MEDIO
Fuente rdamedia
Nombre/término del tipo de medio computadora
Código del tipo de medio c
338 ## - TIPO DE SOPORTE
Fuente rdacarrier
Nombre/término del tipo de soporte recurso en línea
Código del tipo de soporte cr
500 ## - NOTA GENERAL
Nota general Grado 6° ; Grupo 4
502 ## - NOTA DE TESIS
Nota de tesis Viaje de Estudios
Tipo de título (SAI) --
Nombre de la institución que otorga el título UACh. Departamento de Ingeniería Agroindustrial,
Año de obtención del título 2024
504 ## - NOTA DE BIBLIOGRAFÍA, ETC.
Nota de bibliografía, etc. Bibliografía: páginas 125-129
505 0# - NOTA DE CONTENIDO CON FORMATO
Nota de contenido con formato Visitas:
Título 1. Desert Brew Co. --<br/>2. Casa Madero --<br/>3. Viñedos RGMX --<br/>4. FIRA --<br/>5. URUZA --<br/>6. Asociación de Cebada --<br/>7. Cervecería Piedra Negra --<br/>8. SADER --<br/>9. Cervecería Vetagrande --<br/>10. Grupo Modelo --<br/>11. Vinícolas “El aguaje” --<br/>12. Bodegas Origen --<br/>13. Viñedo “Tierra Tinta” --<br/>14. Cervecería Agata
650 13 - PUNTO DE ACCESO ADICIONAL DE MATERIA--TÉRMINO DE MATERIA
Término de materia o nombre geográfico como elemento de entrada Industria cervecera
Subdivisión geográfica México
-- Coahuila
9 (RLIN) 189882
650 13 - PUNTO DE ACCESO ADICIONAL DE MATERIA--TÉRMINO DE MATERIA
Término de materia o nombre geográfico como elemento de entrada Industria cervecera
Subdivisión geográfica México
-- Zacatecas
9 (RLIN) 189883
650 13 - PUNTO DE ACCESO ADICIONAL DE MATERIA--TÉRMINO DE MATERIA
Término de materia o nombre geográfico como elemento de entrada Industria cervecera
Subdivisión geográfica México
-- Aguascalientes
9 (RLIN) 189884
650 13 - PUNTO DE ACCESO ADICIONAL DE MATERIA--TÉRMINO DE MATERIA
Término de materia o nombre geográfico como elemento de entrada Elaboración de cerveza
9 (RLIN) 154862
650 13 - PUNTO DE ACCESO ADICIONAL DE MATERIA--TÉRMINO DE MATERIA
Término de materia o nombre geográfico como elemento de entrada Brewing industry
Subdivisión geográfica Mexico
-- Coahuila
9 (RLIN) 189885
650 13 - PUNTO DE ACCESO ADICIONAL DE MATERIA--TÉRMINO DE MATERIA
Término de materia o nombre geográfico como elemento de entrada Brewing industry
Subdivisión geográfica Mexico
-- Zacatecas
9 (RLIN) 189886
650 13 - PUNTO DE ACCESO ADICIONAL DE MATERIA--TÉRMINO DE MATERIA
Término de materia o nombre geográfico como elemento de entrada Brewing industry
Subdivisión geográfica Mexico
-- Aguascalientes
9 (RLIN) 189887
650 13 - PUNTO DE ACCESO ADICIONAL DE MATERIA--TÉRMINO DE MATERIA
Término de materia o nombre geográfico como elemento de entrada Brewing
9 (RLIN) 154861
700 1# - PUNTO DE ACCESO ADICIONAL--NOMBRE DE PERSONA
Nombre de persona Landa Salgado, Patricia
9 (RLIN) 148104
Término indicativo de función/relación coordinadora
700 1# - PUNTO DE ACCESO ADICIONAL--NOMBRE DE PERSONA
Nombre de persona Rivera Salvador, Víctor
9 (RLIN) 152488
Término indicativo de función/relación coordinador
700 1# - PUNTO DE ACCESO ADICIONAL--NOMBRE DE PERSONA
Nombre de persona Altamirano Molina, Tzel Alit
Término indicativo de función/relación colaboradora
9 (RLIN) 189881
856 40 - LOCALIZACIÓN Y ACCESO ELECTRÓNICOS
Identificador Uniforme del Recurso <a href="http://10.13.5.2/ve/TC952_SAI/TC952_SAI_2024-REPORTE.pdf">http://10.13.5.2/ve/TC952_SAI/TC952_SAI_2024-REPORTE.pdf</a>
Texto de enlace DESCARGAR REPORTE
Holdings
Estado de retiro Estado de pérdida Fuente del sistema de clasificación o colocación Estado dañado No para préstamo Código de colección Localización permanente Ubicación/localización actual Ubicación en estantería Fecha de adquisición Fuente de adquisición Total de préstamos Signatura topográfica completa Código de barras Fecha visto por última vez Precio válido a partir de Tipo de ítem Koha
    Clasificación Universidad Autónoma de Chapingo     Viajes de estudio - En línea Ingenieria Agroindustrial Ingenieria Agroindustrial En línea 23/01/2025 El autor   T.C.952 L36 SAI 2024 1206015171 23/01/2025 23/01/2025 Viajes de Estudio - En línea